000 00618nam a2200229Ia 4500
003 OSt
005 20220923230654.0
006 a|||||r|||| 00| 0
007 ta
008 Pun
024 _a304,651
037 _cTextual
040 _aARTS
_cARTS
_bPun
041 _2Pun
_aPun
082 _aV236:1.M3, 153K2
100 _aਪ੍ਰੀਤਮ ਸਿੰਘ
245 0 _aਦਾਰFਨਿਕ ਸਿੱਖ ਇਤਿਹਾਸ
260 _c1962
650 _aਭਾਰਤੀਯ ਇਤਿਹਾਸ
942 _hV236:1.M3, 153K2
_cTEXL
_2CC
999 _c386460
_d386460